[Event "Senior Women Russian Championship 2022_HL"]
[Site "Saint-Petersburg, Russia"]
[Date "2022.09.30"]
[Round "7.9"]
[White "Sorokina, Tamara"]
[Black "Grigoryeva, Olga"]
[Result "1-0"]
[TimeControl "Standard: 90min/40moves+30min/end+30sec increment per move starting from move 1"]
[WhiteElo "2028"]
[BlackElo "1940"]

1. Nf3 {[%clk 01:30:56]} {[%emt 00:00:03]} d5 {[%clk 01:30:59]} {[%emt
00:00:02]} 2. c4 {[%clk 01:31:14]} {[%emt 00:00:12]} d4 {[%clk 01:31:08]}
{[%emt 00:00:21]} 3. g3 {[%clk 01:31:38]} {[%emt 00:00:05]} c5 {[%clk
01:31:00]} {[%emt 00:00:39]} 4. Bg2 {[%clk 01:31:40]} {[%emt 00:00:27]} Nc6
{[%clk 01:31:11]} {[%emt 00:00:20]} 5. e3 {[%clk 01:32:02]} {[%emt 00:00:08]}
e5 {[%clk 01:27:51]} {[%emt 00:03:50]} 6. exd4 {[%clk 01:32:26]} {[%emt
00:00:06]} exd4 {[%clk 01:27:53]} {[%emt 00:00:28]} 7. O-O {[%clk 01:32:45]}
{[%emt 00:00:11]} Be7 {[%clk 01:26:55]} {[%emt 00:01:28]} 8. d3 {[%clk
01:33:08]} {[%emt 00:00:07]} Nf6 {[%clk 01:26:44]} {[%emt 00:00:40]} 9. Bg5
{[%clk 01:32:50]} {[%emt 00:00:48]} O-O {[%clk 01:26:37]} {[%emt 00:00:38]} 10.
a3 {[%clk 01:32:58]} {[%emt 00:00:22]} h6 {[%clk 01:26:02]} {[%emt 00:01:05]}
11. Bxf6 {[%clk 01:33:22]} {[%emt 00:00:06]} Bxf6 {[%clk 01:26:22]} {[%emt
00:00:10]} 12. Nbd2 {[%clk 01:33:43]} {[%emt 00:00:08]} Bg4 {[%clk 01:21:19]}
{[%emt 00:05:32]} 13. h3 {[%clk 01:33:59]} {[%emt 00:00:14]} Bh5 {[%clk
01:19:30]} {[%emt 00:02:19]} 14. Qc2 {[%clk 01:33:59]} {[%emt 00:00:31]} Re8
{[%clk 01:16:04]} {[%emt 00:03:56]} 15. Ne4 {[%clk 01:30:52]} {[%emt 00:03:36]}
Be7 {[%clk 01:15:38]} {[%emt 00:00:56]} 16. g4 {[%clk 01:30:53]} {[%emt
00:00:28]} Bg6 {[%clk 01:16:06]} {[%emt 00:00:03]} 17. Ng3 {[%clk 01:31:13]}
{[%emt 00:00:10]} Bd6 {[%clk 01:15:27]} {[%emt 00:01:10]} 18. Rfe1 {[%clk
01:30:05]} {[%emt 00:01:37]} Qc7 {[%clk 01:12:27]} {[%emt 00:03:30]} 19. Nf1
{[%clk 01:29:12]} {[%emt 00:01:23]} Qd7 {[%clk 01:05:20]} {[%emt 00:07:38]} 20.
Qd2 {[%clk 01:21:46]} {[%emt 00:07:55]} Rxe1 {[%clk 01:05:08]} {[%emt
00:00:43]} 21. Rxe1 {[%clk 01:22:07]} {[%emt 00:00:08]} Re8 {[%clk 01:05:04]}
{[%emt 00:00:34]} 22. Rxe8+ {[%clk 01:21:06]} {[%emt 00:01:31]} Qxe8 {[%clk
01:05:32]} {[%emt 00:00:03]} 23. Nh4 {[%clk 01:21:04]} {[%emt 00:00:31]} Bh7
{[%clk 01:02:36]} {[%emt 00:03:26]} 24. Nf3 {[%clk 01:17:40]} {[%emt 00:03:53]}
Qd7 {[%clk 00:54:33]} {[%emt 00:08:34]} 25. Ne1 {[%clk 01:12:19]} {[%emt
00:05:51]} Qc7 {[%clk 00:51:51]} {[%emt 00:03:12]} 26. Qe2 {[%clk 01:11:36]}
{[%emt 00:01:13]} Qe7 {[%clk 00:51:46]} {[%emt 00:00:36]} 27. Qxe7 {[%clk
01:06:30]} Bxe7 {[%clk 00:52:14]} {[%emt 00:00:02]} 28. Bxc6 {[%clk 01:05:15]}
{[%emt 00:01:45]} bxc6 {[%clk 00:52:43]} {[%emt 00:00:01]} 29. Nd2 {[%clk
01:05:32]} {[%emt 00:00:12]} f5 {[%clk 00:51:30]} {[%emt 00:01:43]} 30. Nb3
{[%clk 01:04:29]} {[%emt 00:01:33]} fxg4 {[%clk 00:49:29]} {[%emt 00:02:31]} 31.
hxg4 {[%clk 01:04:58]} Bg6 {[%clk 00:48:52]} {[%emt 00:01:07]} 32. Kg2 {[%clk
01:05:23]} {[%emt 00:00:05]} Bd6 {[%clk 00:45:03]} {[%emt 00:04:18]} 33. Na5
{[%clk 01:05:04]} {[%emt 00:00:50]} Be8 {[%clk 00:45:02]} {[%emt 00:00:31]} 34.
Nb7 {[%clk 01:05:11]} {[%emt 00:00:23]} Be7 {[%clk 00:44:50]} {[%emt 00:00:41]}
35. Nf3 {[%clk 01:05:09]} {[%emt 00:00:33]} Kf7 {[%clk 00:43:54]} {[%emt
00:01:26]} 36. Nd2 {[%clk 01:04:03]} {[%emt 00:01:36]} Bd7 {[%clk 00:37:59]}
{[%emt 00:06:25]} 37. f3 {[%clk 01:04:19]} {[%emt 00:00:14]} Bc8 {[%clk
00:35:57]} {[%emt 00:02:31]} 38. Na5 {[%clk 01:04:41]} {[%emt 00:00:09]} Bd7
{[%clk 00:24:59]} {[%emt 00:11:28]} 39. Ne4 {[%clk 01:04:08]} {[%emt 00:01:03]}
g6 {[%clk 00:21:33]} {[%emt 00:03:56]} 40. Nb3 {[%clk 01:33:31]} {[%emt
00:01:08]} h5 {[%clk 00:50:12]} {[%emt 00:01:50]} 41. Nbxc5 {[%clk 01:32:31]}
{[%emt 00:01:30]} Bc8 {[%clk 00:46:58]} {[%emt 00:03:44]} 42. gxh5 {[%clk
01:32:14]} {[%emt 00:00:47]} gxh5 {[%clk 00:47:25]} {[%emt 00:00:03]} 43. Nb3
{[%clk 01:32:37]} {[%emt 00:00:07]} Bf8 {[%clk 00:47:09]} {[%emt 00:00:45]} 44.
Nxd4 {[%clk 01:32:49]} {[%emt 00:00:19]} Bd7 {[%clk 00:46:17]} {[%emt
00:01:22]} 45. b4 {[%clk 01:32:09]} {[%emt 00:01:10]} Bg7 {[%clk 00:46:10]}
{[%emt 00:00:37]} 46. Ne2 {[%clk 01:29:28]} {[%emt 00:03:11]} Bb2 {[%clk
00:45:22]} {[%emt 00:01:18]} 47. a4 {[%clk 01:29:48]} {[%emt 00:00:10]} Ba3
{[%clk 00:44:55]} {[%emt 00:00:56]} 48. b5 {[%clk 01:30:03]} {[%emt 00:00:16]}
cxb5 {[%clk 00:45:12]} {[%emt 00:00:14]} 49. axb5 {[%clk 01:30:14]} {[%emt
00:00:19]} Ke7 {[%clk 00:41:53]} {[%emt 00:03:49]} 50. Kg3 {[%clk 01:29:46]}
{[%emt 00:00:57]} Be8 {[%clk 00:41:02]} {[%emt 00:01:21]} 51. Nf4 {[%clk
01:25:42]} {[%emt 00:04:34]} Bc1 {[%clk 00:35:32]} {[%emt 00:06:01]} 52. Nd5+
{[%clk 01:25:41]} {[%emt 00:00:30]} Kd8 {[%clk 00:35:38]} {[%emt 00:00:23]} 53.
f4 {[%clk 01:24:50]} {[%emt 00:01:21]} Bf7 {[%clk 00:34:26]} {[%emt 00:01:42]}
54. Nb4 {[%clk 01:23:41]} {[%emt 00:01:40]} Kc7 {[%clk 00:32:01]} {[%emt
00:02:54]} 55. c5 {[%clk 01:22:12]} {[%emt 00:02:00]} Ba3 {[%clk 00:28:19]}
{[%emt 00:04:12]} 56. Na6+ {[%clk 01:22:29]} {[%emt 00:00:13]} Kd8 {[%clk
00:27:38]} {[%emt 00:01:11]} 57. f5 {[%clk 01:20:05]} {[%emt 00:02:54]} Bb2
{[%clk 00:23:27]} {[%emt 00:04:41]} 58. Kh4 {[%clk 01:14:46]} {[%emt 00:05:48]}
Bd4 {[%clk 00:22:16]} {[%emt 00:01:42]} 59. c6 {[%clk 01:10:53]} {[%emt
00:04:22]} Be5 {[%clk 00:21:16]} {[%emt 00:01:31]} 60. Kg5 {[%clk 01:10:34]}
{[%emt 00:00:49]} Be8 {[%clk 00:16:20]} {[%emt 00:05:27]} 61. Nec5 {[%clk
01:08:52]} {[%emt 00:02:11]} Bf7 {[%clk 00:14:47]} {[%emt 00:02:03]} 62. Nb7+
{[%clk 01:04:26]} {[%emt 00:04:56]} Kc8 {[%clk 00:14:29]} {[%emt 00:00:48]} 63.
d4 {[%clk 01:04:41]} {[%emt 00:00:15]} Bg3 {[%clk 00:13:13]} {[%emt 00:01:45]}
64. Nbc5 {[%clk 01:03:35]} {[%emt 00:01:38]} h4 {[%clk 00:12:49]} {[%emt
00:00:54]} 65. Ne4 {[%clk 01:03:58]} {[%emt 00:00:06]} Bd5 {[%clk 00:09:25]}
{[%emt 00:03:52]} 66. Nac5 {[%clk 01:04:20]} {[%emt 00:00:10]} Bc4 {[%clk
00:05:34]} {[%emt 00:04:20]} 67. f6 {[%clk 01:03:33]} {[%emt 00:01:18]} Bf7
{[%clk 00:04:38]} {[%emt 00:01:26]} 68. Kg4 {[%clk 01:03:39]} {[%emt 00:00:24]}
Kc7 {[%clk 00:03:25]} {[%emt 00:01:44]} 69. Ng5 {[%clk 01:03:31]} {[%emt
00:00:37]} Bc4 {[%clk 00:02:54]} {[%emt 00:01:01]} 70. Nce6+ {[%clk 01:01:04]}
{[%emt 00:02:56]} Kc8 {[%clk 00:02:10]} {[%emt 00:01:15]} 71. f7 {[%clk
01:01:01]} {[%emt 00:00:33]} Bd6 {[%clk 00:02:37]} {[%emt 00:00:03]} 72. Kxh4
{[%clk 00:56:09]} {[%emt 00:05:22]} Bxb5 {[%clk 00:03:05]} {[%emt 00:00:03]} 73.
f8=Q+ {[%clk 00:56:19]} {[%emt 00:00:19]} Bxf8 {[%clk 00:03:33]} {[%emt
00:00:02]} 74. Nxf8 {[%clk 00:56:42]} {[%emt 00:00:06]} Bxc6 {[%clk 00:03:59]}
{[%emt 00:00:05]} 75. Nfe6 {[%clk 00:56:56]} {[%emt 00:00:17]} Kd7 {[%clk
00:04:03]} {[%emt 00:00:24]} 76. Kg4 {[%clk 00:56:16]} {[%emt 00:01:11]} Kd6
{[%clk 00:04:23]} {[%emt 00:00:09]} 77. Kf4 {[%clk 00:56:44]} {[%emt 00:00:03]}
Kd5 {[%clk 00:04:34]} {[%emt 00:00:19]} 78. Ke3 {[%clk 00:57:11]} {[%emt
00:00:03]} Bd7 {[%clk 00:04:20]} {[%emt 00:00:42]} 79. Nc5 {[%clk 00:57:14]}
{[%emt 00:00:29]} Bc8 {[%clk 00:04:11]} {[%emt 00:00:38]} 80. Kd3 {[%clk
00:57:24]} {[%emt 00:00:19]} Bf5+ {[%clk 00:04:37]} {[%emt 00:00:07]} 81. Kc3
{[%clk 00:57:42]} {[%emt 00:00:12]} Bg4 {[%clk 00:04:24]} {[%emt 00:00:41]} 82.
Nge4 {[%clk 00:57:59]} {[%emt 00:00:14]} Bf3 {[%clk 00:03:55]} {[%emt
00:00:53]} 83. Nf6+ {[%clk 00:57:35]} {[%emt 00:00:59]} Kd6 {[%clk 00:04:12]}
{[%emt 00:00:10]} 84. Nfe4+ {[%clk 00:57:22]} {[%emt 00:00:46]} Kd5 {[%clk
00:04:27]} {[%emt 00:00:13]} 85. Nd2 {[%clk 00:57:51]} {[%emt 00:00:05]} Bh1
{[%clk 00:04:33]} {[%emt 00:00:23]} 86. Nd3 {[%clk 00:58:01]} {[%emt 00:00:20]}
Kd6 {[%clk 00:04:42]} {[%emt 00:00:19]} 87. Nf4 {[%clk 00:57:58]} {[%emt
00:00:35]} Kc6 {[%clk 00:04:52]} {[%emt 00:00:17]} 88. Kb4 {[%clk 00:58:04]}
{[%emt 00:00:27]} Kb7 {[%clk 00:04:17]} {[%emt 00:01:05]} 89. Kc5 {[%clk
00:58:22]} {[%emt 00:00:12]} Kc7 {[%clk 00:04:07]} {[%emt 00:00:41]} 90. Nc4
{[%clk 00:58:28]} {[%emt 00:00:23]} Bf3 {[%clk 00:03:53]} {[%emt 00:00:40]} 91.
Ne5 {[%clk 00:58:40]} {[%emt 00:00:21]} Bh1 {[%clk 00:04:18]} {[%emt 00:00:06]}
92. Ne6+ {[%clk 00:58:32]} {[%emt 06:00:37]} Kb7 {[%clk 00:04:24]} {[%emt
00:00:23]} 93. Nc4 {[%clk 00:58:38]} {[%emt 00:00:26]} Bg2 {[%clk 00:04:25]}
{[%emt 00:00:27]} 94. Nd6+ {[%clk 00:58:53]} {[%emt 00:00:16]} Kb8 {[%clk
00:04:28]} {[%emt 00:00:27]} 95. Nf4 {[%clk 00:59:00]} {[%emt 00:00:23]} Bf3
{[%clk 00:04:45]} {[%emt 00:00:10]} 96. Nc4 {[%clk 00:58:40]} {[%emt 00:00:53]}
Kc7 {[%clk 00:04:52]} {[%emt 00:00:21]} 97. Nd2 {[%clk 00:59:06]} {[%emt
00:00:06]} Bh1 {[%clk 00:05:13]} {[%emt 00:00:09]} 98. Ne2 {[%clk 00:59:27]}
{[%emt 00:00:09]} Bg2 {[%clk 00:05:20]} {[%emt 00:00:20]} 99. Nc3 {[%clk
00:59:45]} {[%emt 00:00:15]} Kd7 {[%clk 00:04:43]} {[%emt 00:01:05]} 100. Nde4
{[%clk 01:00:02]} {[%emt 00:00:14]} a5 {[%clk 00:04:33]} {[%emt 00:00:41]} 101.
d5 {[%clk 00:58:53]} {[%emt 00:01:39]} a4 {[%clk 00:04:30]} {[%emt 00:00:33]}
102. Kb4 {[%clk 00:58:57]} {[%emt 00:00:26]} Bf1 {[%clk 00:03:21]} {[%emt
00:01:36]} 103. Kxa4 {[%clk 00:59:11]} {[%emt 00:00:19]} Bc4 {[%clk 00:03:34]}
{[%emt 00:00:15]} 104. d6 {[%clk 00:59:39]} {[%emt 00:00:04]} Bd3 {[%clk
00:02:34]} {[%emt 00:01:21]} 105. Kb4 {[%clk 01:00:01]} {[%emt 00:00:17]} Bc2
{[%clk 00:02:24]} {[%emt 00:00:37]} 106. Kc5 {[%clk 01:00:24]} {[%emt
00:00:10]} Bd3 {[%clk 00:02:22]} {[%emt 00:00:31]} 107. Nd5 {[%clk 00:59:43]}
{[%emt 00:01:12]} Kd8 {[%clk 00:02:23]} {[%emt 00:00:28]} 108. Nef6 {[%clk
00:59:51]} {[%emt 00:00:22]} Bf5 {[%clk 00:02:16]} {[%emt 00:00:35]} 109. Kd4
{[%clk 00:59:54]} {[%emt 00:00:30]} Bh3 {[%clk 00:02:18]} {[%emt 00:00:26]} 110.
Ke5 {[%clk 01:00:16]} {[%emt 00:00:10]} Bc8 {[%clk 00:02:13]} {[%emt 00:00:35]}
111. Nc7 {[%clk 01:00:22]} {[%emt 00:00:25]} Bh3 {[%clk 00:02:00]} {[%emt
00:00:43]} 112. Ne6+ {[%clk 01:00:47]} {[%emt 00:00:05]} Bxe6 {[%clk 00:01:39]}
{[%emt 00:00:51]} 113. Kxe6 {[%clk 01:01:12]} {[%emt 00:00:04]} 1-0

[Event "Senior Women Russian Championship 2022_HL"]
[Site "Saint-Petersburg, Russia"]
[Date "2022.09.30"]
[Round "7.10"]
[White "Kuznetsova, Luba"]
[Black "Kazantseva, Alla"]
[Result "1-0"]
[TimeControl "Standard: 90min/40moves+30min/end+30sec increment per move starting from move 1"]
[WhiteElo "1935"]
[BlackElo "1654"]

1. d4 {[%clk 01:30:55]} {[%emt 00:00:04]} Nf6 {[%clk 01:30:58]} {[%emt
00:00:02]} 2. Nf3 {[%clk 01:31:12]} {[%emt 00:00:13]} g6 {[%clk 01:31:02]}
{[%emt 00:00:27]} 3. c3 {[%clk 01:30:33]} {[%emt 00:01:08]} Bg7 {[%clk
01:30:41]} {[%emt 00:00:50]} 4. Bf4 {[%clk 01:29:57]} {[%emt 00:01:06]} O-O
{[%clk 01:29:38]} {[%emt 00:01:34]} 5. h3 {[%clk 01:29:05]} {[%emt 00:01:22]}
d5 {[%clk 01:23:43]} {[%emt 00:06:25]} 6. e3 {[%clk 01:28:46]} {[%emt
00:00:49]} Nbd7 {[%clk 01:17:39]} {[%emt 00:06:34]} 7. Be2 {[%clk 01:27:26]}
{[%emt 00:01:49]} c6 {[%clk 01:14:10]} {[%emt 00:04:01]} 8. O-O {[%clk
01:26:04]} {[%emt 00:01:51]} Re8 {[%clk 01:11:35]} {[%emt 00:03:02]} 9. Nbd2
{[%clk 01:23:15]} {[%emt 00:03:22]} h6 {[%clk 01:11:51]} {[%emt 00:00:14]} 10.
Qc2 {[%clk 01:20:24]} {[%emt 00:03:21]} Nf8 {[%clk 01:07:37]} {[%emt 00:04:44]}
11. Ne5 {[%clk 01:17:08]} {[%emt 00:03:46]} Bf5 {[%clk 01:05:59]} {[%emt
00:02:08]} 12. Qb3 {[%clk 01:13:17]} {[%emt 00:04:21]} Qc8 {[%clk 01:03:53]}
{[%emt 00:02:34]} 13. g4 {[%clk 01:03:36]} {[%emt 00:10:12]} Be6 {[%clk
01:03:48]} {[%emt 00:00:35]} 14. Qc2 {[%clk 01:02:55]} {[%emt 00:01:11]} N6d7
{[%clk 01:01:24]} {[%emt 00:02:54]} 15. Ndf3 {[%clk 00:53:48]} {[%emt
00:09:38]} g5 {[%clk 00:55:43]} {[%emt 00:06:10]} 16. Bg3 {[%clk 00:53:26]}
{[%emt 00:00:52]} f6 {[%clk 00:50:24]} 17. Nxd7 {[%clk 00:52:04]} {[%emt
00:01:52]} Qxd7 {[%clk 00:46:43]} {[%emt 00:01:47]} 18. Nd2 {[%clk 00:49:26]}
{[%emt 00:05:31]} f5 {[%clk 00:45:00]} {[%emt 00:02:14]} 19. f3 {[%clk
00:49:41]} {[%emt 00:00:15]} Qc8 {[%clk 00:39:10]} {[%emt 00:06:20]} 20. Rf2
{[%clk 00:44:43]} {[%emt 00:05:28]} Bd7 {[%clk 00:38:00]} {[%emt 00:01:40]} 21.
Bd3 {[%clk 00:42:17]} {[%emt 00:02:56]} e6 {[%clk 00:36:12]} {[%emt 00:02:18]}
22. Re1 {[%clk 00:35:07]} {[%emt 00:07:40]} Re7 {[%clk 00:31:21]} {[%emt
00:05:19]} 23. Bd6 {[%clk 00:31:57]} {[%emt 00:03:42]} Rf7 {[%clk 00:31:18]}
{[%emt 00:00:32]} 24. e4 {[%clk 00:31:38]} {[%emt 00:00:51]} fxe4 {[%clk
00:27:11]} {[%emt 00:04:36]} 25. fxe4 {[%clk 00:31:48]} {[%emt 00:00:20]} Rxf2
{[%clk 00:26:46]} {[%emt 00:00:55]} 26. Kxf2 {[%clk 00:32:10]} {[%emt
00:00:07]} Qe8 {[%clk 00:25:42]} {[%emt 00:01:34]} 27. exd5 {[%clk 00:29:07]}
{[%emt 00:03:33]} cxd5 {[%clk 00:23:25]} {[%emt 00:02:48]} 28. Kg3 {[%clk
00:27:39]} {[%emt 00:01:57]} a6 {[%clk 00:23:14]} {[%emt 00:00:43]} 29. Nf3
{[%clk 00:26:57]} {[%emt 00:01:11]} Bb5 {[%clk 00:21:35]} {[%emt 00:02:09]} 30.
Bxb5 {[%clk 00:19:13]} {[%emt 00:08:15]} axb5 {[%clk 00:21:26]} {[%emt
00:00:38]} 31. a3 {[%clk 00:19:27]} {[%emt 00:00:15]} Qd7 {[%clk 00:17:44]}
{[%emt 00:04:11]} 32. Be5 {[%clk 00:17:40]} {[%emt 00:02:19]} Re8 {[%clk
00:15:12]} {[%emt 00:03:02]} 33. Rf1 {[%clk 00:15:56]} {[%emt 00:02:12]} Re7
{[%clk 00:12:42]} {[%emt 00:03:02]} 34. Bxg7 {[%clk 00:15:13]} {[%emt
00:01:13]} Kxg7 {[%clk 00:11:47]} {[%emt 00:01:24]} 35. Ne5 {[%clk 00:14:55]}
{[%emt 00:00:50]} Qc7 {[%clk 00:09:31]} {[%emt 00:02:44]} 36. Kg2 {[%clk
00:12:43]} {[%emt 00:02:43]} Qd8 {[%clk 00:06:04]} {[%emt 00:03:55]} 37. Qd3
{[%clk 00:10:10]} {[%emt 00:03:06]} Qe8 {[%clk 00:06:28]} {[%emt 00:00:05]} 38.
Rf2 {[%clk 00:08:03]} {[%emt 00:02:37]} Ng6 {[%clk 00:05:19]} {[%emt 00:01:37]}
39. Nxg6 {[%clk 00:06:01]} {[%emt 00:02:33]} Qxg6 {[%clk 00:05:46]} {[%emt
00:00:04]} 40. Qxg6+ {[%clk 00:35:39]} {[%emt 00:00:52]} Kxg6 {[%clk 00:36:14]}
{[%emt 00:00:02]} 41. Rf8 {[%clk 00:36:07]} {[%emt 00:00:03]} Kg7 {[%clk
00:35:35]} {[%emt 00:01:07]} 42. Rc8 {[%clk 00:36:09]} {[%emt 00:00:29]} Kf6
{[%clk 00:32:21]} {[%emt 00:03:44]} 43. Rc5 {[%clk 00:35:20]} {[%emt 00:01:17]}
e5 {[%clk 00:30:58]} {[%emt 00:01:54]} 44. Rxd5 {[%clk 00:33:57]} {[%emt
00:01:55]} exd4 {[%clk 00:31:14]} {[%emt 00:00:13]} 45. Rf5+ {[%clk 00:33:36]}
{[%emt 00:00:50]} Kg6 {[%clk 00:31:22]} {[%emt 00:00:23]} 46. cxd4 {[%clk
00:33:48]} {[%emt 00:00:18]} Re2+ {[%clk 00:29:33]} {[%emt 00:02:19]} 47. Rf2
{[%clk 00:33:03]} {[%emt 00:01:14]} Re6 {[%clk 00:28:40]} {[%emt 00:01:21]} 48.
Kf3 {[%clk 00:32:10]} {[%emt 00:01:25]} Kf7 {[%clk 00:27:57]} {[%emt 00:01:12]}
49. Re2 {[%clk 00:31:20]} {[%emt 00:01:22]} Rd6 {[%clk 00:28:14]} {[%emt
00:00:13]} 50. Ke4 {[%clk 00:30:24]} {[%emt 00:01:24]} Re6+ {[%clk 00:28:28]}
{[%emt 00:00:19]} 51. Kd3 {[%clk 00:30:49]} {[%emt 00:00:04]} Rxe2 {[%clk
00:28:55]} {[%emt 00:00:02]} 52. Kxe2 {[%clk 00:31:18]} {[%emt 00:00:02]} Ke6
{[%clk 00:29:19]} {[%emt 00:00:06]} 53. Ke3 {[%clk 00:29:40]} {[%emt 00:02:07]}
Kd5 {[%clk 00:28:32]} {[%emt 00:01:17]} 54. b3 {[%clk 00:29:48]} {[%emt
00:00:22]} Kd6 {[%clk 00:27:29]} {[%emt 00:01:34]} 55. Ke4 {[%clk 00:29:52]}
{[%emt 00:00:25]} Ke6 {[%clk 00:26:55]} {[%emt 00:01:05]} 56. d5+ {[%clk
00:29:40]} {[%emt 00:00:42]} Kd6 {[%clk 00:27:20]} {[%emt 00:00:04]} 57. Kd4
{[%clk 00:29:35]} {[%emt 00:00:35]} b6 {[%clk 00:27:33]} {[%emt 00:00:18]} 58.
b4 {[%clk 00:28:27]} {[%emt 00:01:38]} Kd7 {[%clk 00:27:45]} {[%emt 00:00:18]}
59. Ke5 {[%clk 00:28:06]} {[%emt 00:00:51]} Ke7 {[%clk 00:28:13]} {[%emt
00:00:02]} 60. d6+ {[%clk 00:27:50]} {[%emt 00:00:46]} Kd7 {[%clk 00:28:36]}
{[%emt 00:00:07]} 61. Ke4 {[%emt 00:02:11]} 1-0

[Event "Senior Women Russian Championship 2022_HL"]
[Site "Saint-Petersburg, Russia"]
[Date "2022.09.30"]
[Round "7.11"]
[White "Malinicheva, Lidia"]
[Black "Kapelkina, Galina"]
[Result "1-0"]
[TimeControl "Standard: 90min/40moves+30min/end+30sec increment per move starting from move 1"]
[WhiteElo "1845"]
[BlackElo "1644"]

1. d4 {[%clk 01:30:45]} {[%emt 00:00:13]} d5 {[%clk 01:30:55]} {[%emt
00:00:07]} 2. Nf3 {[%clk 01:31:03]} {[%emt 00:00:11]} Nf6 {[%clk 01:31:14]}
{[%emt 00:00:11]} 3. e3 {[%clk 01:31:22]} {[%emt 00:00:12]} c6 {[%clk
01:31:18]} {[%emt 00:00:26]} 4. Bd3 {[%clk 01:31:22]} {[%emt 00:00:28]} e6
{[%clk 01:31:17]} {[%emt 00:00:34]} 5. Nbd2 {[%clk 01:30:57]} {[%emt 00:00:54]}
Be7 {[%clk 01:31:03]} {[%emt 00:00:43]} 6. b3 {[%clk 01:31:01]} {[%emt
00:00:25]} Nbd7 {[%clk 01:29:19]} {[%emt 00:02:14]} 7. Bb2 {[%clk 01:31:18]}
{[%emt 00:00:14]} O-O {[%clk 01:24:58]} {[%emt 00:04:52]} 8. O-O {[%clk
01:31:06]} {[%emt 00:00:41]} Re8 {[%clk 01:24:31]} {[%emt 00:00:57]} 9. Ne5
{[%clk 01:31:11]} {[%emt 00:00:23]} Nf8 {[%clk 01:23:45]} {[%emt 00:01:17]} 10.
f4 {[%clk 01:30:30]} {[%emt 00:01:11]} N6d7 {[%clk 01:21:45]} {[%emt 00:02:30]}
11. Qf3 {[%clk 01:20:46]} {[%emt 00:10:15]} Bf6 {[%clk 01:16:35]} {[%emt
00:05:40]} 12. Rae1 {[%clk 01:17:25]} {[%emt 00:03:50]} g6 {[%clk 01:16:08]}
{[%emt 00:00:58]} 13. e4 {[%clk 01:16:59]} {[%emt 00:00:55]} Bg7 {[%clk
01:16:25]} {[%emt 00:00:15]} 14. exd5 {[%clk 01:10:45]} {[%emt 00:06:43]} exd5
{[%clk 01:16:03]} {[%emt 00:00:52]} 15. f5 {[%clk 01:08:08]} {[%emt 00:03:07]}
Nf6 {[%clk 01:10:39]} {[%emt 00:05:52]} 16. b4 {[%clk 01:03:09]} {[%emt
00:05:31]} N8d7 {[%clk 00:55:34]} {[%emt 00:15:34]} 17. g4 {[%clk 01:00:42]}
{[%emt 00:02:57]} gxf5 {[%clk 00:47:28]} 18. gxf5 {[%clk 00:55:39]} {[%emt
00:05:33]} Ne4 {[%clk 00:44:50]} {[%emt 00:03:09]} 19. Nxe4 {[%clk 00:53:45]}
{[%emt 00:02:21]} dxe4 {[%clk 00:44:19]} {[%emt 00:01:03]} 20. Rxe4 {[%clk
00:53:43]} {[%emt 00:00:31]} Nf6 {[%clk 00:39:30]} {[%emt 00:05:21]} 21. Rh4
{[%clk 00:51:10]} {[%emt 00:03:00]} Qd5 {[%clk 00:31:04]} {[%emt 00:08:59]} 22.
Bc4 {[%clk 00:46:12]} {[%emt 00:05:28]} Qxf3 {[%clk 00:30:20]} {[%emt
00:01:13]} 23. Bxf7+ {[%clk 00:46:04]} {[%emt 00:00:38]} Kf8 {[%clk 00:30:45]}
{[%emt 00:00:04]} 24. Rxf3 {[%clk 00:46:27]} {[%emt 00:00:08]} Rxe5 {[%clk
00:30:44]} {[%emt 00:00:31]} 25. dxe5 {[%clk 00:46:47]} {[%emt 00:00:10]} Kxf7
{[%clk 00:20:26]} {[%emt 00:10:48]} 26. exf6 {[%clk 00:46:27]} {[%emt
00:00:50]} Bf8 {[%clk 00:19:15]} {[%emt 00:01:42]} 27. Rxh7+ {[%clk 00:45:53]}
{[%emt 00:01:03]} Kg8 {[%clk 00:18:49]} {[%emt 00:00:56]} 28. Rfh3 {[%clk
00:43:45]} {[%emt 00:02:38]} Bxb4 {[%clk 00:18:11]} {[%emt 00:01:08]} 29. Rh8+
{[%clk 00:43:13]} {[%emt 00:01:01]} 1-0